000 00849nam a2200241Ii 4500
003 JO-AjNU
008 230605s9999||||xx |||||||||||||| ||und||
017 _a2008/7174
020 _a978-99901-38-22-0-1
040 _aJO-AjNU
_bara
_erda
_cJO-AjNU
041 _aara
050 1 4 _aK564.C6.T36.2008
100 3 _a الطوالبة ، علي حسن محمد ,
_eauthor
_953088
245 0 0 _aالجرائم الإلكترونية
250 _aط1
264 3 1 _aمملكة البحرين :مؤسسة فخراوي للدراسات والنشر ، 2008
300 _a357ص
336 _atext
_btxt
_2rdacontent
337 _aunmediated
_bn
_2rdamedia
338 _avolume
_bnc
_2rdacarrier
490 0 _aسلسلة الكتب القانونية (12)
650 4 _aقانون -- جرائم الكترونية -- مملكة البحرين
_953089
999 _aA23556
_c27124
_d27124